LIBRARY & INFORMATION CENTRE, KCAET, TAVANUR

ONLINE PUBLIC ACCESS CATALOGUE (OPAC)

Engineering workshop drawing , Vol 2 / (Record no. 1447)

MARC details
000 -LEADER
fixed length control field 00540cam a2200205ua 4500
041 ## - LANGUAGE CODE
Language code of text/sound track or separate title eng
082 ## - DEWEY DECIMAL CLASSIFICATION NUMBER
Classification number 604.2
Item number BIN/EN
100 ## - MAIN ENTRY--AUTHOR NAME
Personal name Binns, H .
245 ## - TITLE STATEMENT
Title Engineering workshop drawing , Vol 2 /
250 ## - EDITION STATEMENT
Edition statement 1 /
260 ## - PUBLICATION, DISTRIBUTION, ETC. (IMPRINT)
Place of publication London :
Name of publisher English Universities Press ,
Year of publication 1962.
300 ## - PHYSICAL DESCRIPTION
Number of Pages 129 ; .
490 0# - SERIES STATEMENT
Series statement Technical college series,
Volume number/sequential designation
942 ## - ADDED ENTRY ELEMENTS (KOHA)
Koha item type Books
Holdings
Withdrawn status Lost status Damaged status Home library Current library Date acquired Full call number Accession Number Koha item type
      KAUAET KAUAET 07/04/2012 604.2 BIN/EN 3804 Books
free website counter